İşçi emeklilerinin sosyal güvenlik sorunları (Record no. 2577)

MARC details
000 -BAŞLIK
Sabit Uzunlukta Kontrol Alanı 00677na a2200217 4500
001 - KONTROL NUMARASI
Denetim Alanı 19659
003 - KONTROL NUMARASI IDENTIFIER
Denetim Alanı MIRAKIL
005 - SON İŞLEM TARİHİ VE ZAMANI
Denetim Alanı 20181213154902.0
008 - SABİT-BOY VERİ ELEMANLARI - GENEL BİLGİLER
Sabit Uzunlukta Kontrol Alanı 161221b tu 000 0
035 ## - SİSTEM KONTROL NUMARASI
Sistem Kontrol Numarası 19659
040 ## - KATALOGLAMA KAYNAK
Orijinal Kataloglama Ajansı Milas
Kataloglama Dili tur
Metne Dönüştürmek Ajansı TR-AnCHP
041 ## - DİL KODU
Metin / Ses Parça Veya Ayrı Başlığın Dil Kodu tur
082 ## - DEWEY ONLU SINIFLANDIRMA NUMARASI
Sınıflandırma Numarası 306.38
Ürün Numarası İ71 1991
090 ## - SINIFLAMA NUMARASI
Sınıflama Numarası 306.38 İ71 1991
245 ## - BAŞLIK TABLOSU
Başlık İşçi emeklilerinin sosyal güvenlik sorunları
Başlığın Kalan Tebliğler-yorumlar
Sorumluluk Tablosu, Vb Türkiye İşçi Emeklileri Cemiyeti
260 ## - YAYIN, DAĞITIM, VB
Yayın, Dağıtım, Vb Yeri Ankara
Yayıncı, Dağıtıcı, Vs Adı Türkiye İşçi Emeklileri Cemiyeti
Yayın, Dağıtım, Vb Tarihi 1991
300 ## - FİZİKSEL TANIM
Kapsam 156 s.
Boyutlar 24 sm.
650 ## - KONU KATMA GİRİŞ - TOPİKAL DÖNEM
Topikal Süreli Veya Coğrafi Ad Giriş Elemanı Sosyal güvenlik
Genel Alt Bölümü İşçi hakları
Coğrafi Alt Bölümü Türkiye
650 ## - KONU KATMA GİRİŞ - TOPİKAL DÖNEM
Topikal Süreli Veya Coğrafi Ad Giriş Elemanı Emeklilik
Genel Alt Bölümü İşçiler
Coğrafi Alt Bölümü Türkiye
942 ## - EKLENDİ GİRİŞ ELEMANLARI (KOHA)
Sınıflandırma Veya Raf Düzeni Kaynak Dewey Decimal Classification
Koha Öğesi Türü Books
999 ## - SİSTEM KONTROL NUMARALARI (KOHA)
Koha Biblionumber 2577
Koha Biblioitemnumber 2577
Holdings
Kalıcı Konum Mevcut Konum Edinme Tarihi Edinim Kaynak Toplam Check-Out'Lar Tam Çağrı Numarası Barkod Tarih Son Görülme İtibaren Geçerli Fiyatlar Koha Öğesi Türü Kopya Sayısı
CHP Kütüphanesi CHP Kütüphanesi 12/21/2016 Bağış   306.38 İ71 1991 010803 12/21/2016 12/21/2016 Books  
CHP Kütüphanesi CHP Kütüphanesi 12/21/2016 Bağış   306.38 İ71 1991 010804 12/21/2016 12/21/2016 Books k.2